[Event "Palmanova op 12th"]
[Site "Palmanova"]
[Date "2023.12.08"]
[Round "1"]
[White "Tratar, Marko"]
[Black "Fiorido, Giuseppe"]
[Result "1-0"]
[WhiteElo "2380"]
[BlackElo "2026"]
[PlyCount "67"]
[EventDate "2023.12.08"]
[EventType "swiss"]
[EventRounds "5"]
[EventCountry "ITA"]
[SourceTitle "CB50_2023"]
[SourceDate "2023.12.13"]
[SourceVersion "1"]
[SourceVersionDate "2023.12.13"]
[SourceQuality "1"]

1. Nf3 Nf6 2. c4 e6 3. g3 d5 4. Bg2 Nbd7 5. b3 c6 6. Bb2 Be7 7. Qc2 0-0 8. 0-0 b6 9. d3 Bb7 10. e4 h6 11. Re1 Rc8 12. Qe2 Re8 13. e5 Nh7 14. Nc3 a6 15. d4 Qc7 16. a3 Qb8 17. Rad1 Qa8 18. h4 a5 19. Qe3 Ba6 20. Bf1 Red8 21. Rd2 Nhf8 22. Red1 Ng6 23. Bd3 Ngf8 24. Qe2 Nb8 25. Rc2 Bb7 26. cxd5 cxd5 27. Rdc1 Nbd7 28. Nh2 f5 29. h5 Nh7 30. f4 Nb8 31. g4 Ba6 32. gxf5 exf5 33. Bxa6 Nxa6 34. Nxd5 1-0

[Event "Latschach op 30th"]
[Site "Latschach"]
[Date "2014.08.12"]
[Round "5"]
[White "Fiorido, Giuseppe"]
[Black "Kainz, Josef"]
[Result "0-1"]
[WhiteElo "2118"]
[BlackElo "1953"]
[PlyCount "78"]
[EventDate "2014.08.09"]
[EventType "swiss"]
[EventRounds "9"]
[EventCountry "AUT"]
[SourceTitle "CBM 161 Extra"]
[Source "ChessBase"]
[SourceDate "2014.08.29"]
[SourceVersion "1"]
[SourceVersionDate "2014.08.29"]
[SourceQuality "1"]

1. e4 c5 2. Nf3 Nc6 3. Bb5 Nf6 4. e5 Ng4 5. Qe2 g6 6. Bxc6 dxc6 7. Nc3 Bg7 8. h3 Nh6 9. Ne4 b6 10. Nf6+ Kf8 11. Ne4 Nf5 12. c3 a5 13. d3 Ba6 14. c4 Nd4 15. Qd1 Nxf3+ 16. Qxf3 Bxe5 17. Bh6+ Kg8 18. 0-0 Bg7 19. Bf4 h6 20. Rfe1 Kh7 21. h4 e5 22. Bh2 f5 23. Nc3 Re8 24. h5 Qg5 25. Qxc6 Rab8 26. hxg6+ Qxg6 27. Qf3 Bb7 28. Qh3 Rbd8 29. Rad1 Rd4 30. Ne2 Rh4 31. Qg3 Rg4 32. Qh3 Bxg2 33. Qe3 f4 34. Qd2 Qh5 35. Ng3 Bf3 36. d4 Qh3 37. Qd3+ Be4 38. Qf1 Qxf1+ 39. Kxf1 fxg3 0-1

[Event "Forni di Sopra op 5th"]
[Site "Forni di Sopra"]
[Date "2014.06.16"]
[Round "3"]
[White "Fiorido, Giuseppe"]
[Black "Bruno, Fabio"]
[Result "0-1"]
[WhiteElo "2120"]
[BlackElo "2427"]
[PlyCount "76"]
[EventDate "2014.06.14"]
[EventType "swiss"]
[EventRounds "9"]
[EventCountry "ITA"]
[SourceTitle "CBM 160 Extra"]
[Source "ChessBase"]
[SourceDate "2014.07.01"]
[SourceVersion "1"]
[SourceVersionDate "2014.07.01"]
[SourceQuality "1"]

1. e4 c5 2. Nf3 e6 3. d3 Nc6 4. g3 d6 5. Bg2 Nf6 6. 0-0 Be7 7. Re1 0-0 8. Nbd2 b6 9. e5 Nd5 10. exd6 Bxd6 11. Nc4 Bb7 12. Nxd6 Qxd6 13. Bd2 h6 14. Bc3 Nxc3 15. bxc3 c4 16. d4 Ne7 17. a4 Bd5 18. Ne5 Rac8 19. f4 Rfe8 20. Qh5 Rf8 21. Qd1 Bxg2 22. Kxg2 Qd5+ 23. Qf3 Rfd8 24. Reb1 f6 25. Ng4 Nf5 26. Qxd5 Rxd5 27. Re1 Kf7 28. Kf3 Ra5 29. Reb1 Nd6 30. Ke3 Rh5 31. Kf3 g5 32. fxg5 hxg5 33. Rf1 Ke7 34. Rae1 f5 35. Ne3 Rxh2 36. d5 e5 37. Nxf5+ Nxf5 38. Kg4 Nh6+ 0-1

[Event "Forni di Sopra op 3rd"]
[Site "Forni di Sopra"]
[Date "2012.06.17"]
[Round "2"]
[White "Chiarion, Elisa"]
[Black "Fiorido, Giuseppe"]
[Result "0-1"]
[WhiteElo "2012"]
[BlackElo "2127"]
[PlyCount "76"]
[EventDate "2012.06.16"]
[EventType "swiss"]
[EventRounds "9"]
[EventCountry "ITA"]
[SourceTitle "CBM 149 Extra"]
[Source "ChessBase"]
[SourceDate "2012.08.24"]
[SourceVersion "1"]
[SourceVersionDate "2012.08.24"]
[SourceQuality "1"]

1. e4 c6 2. d4 d5 3. e5 Bf5 4. Nc3 e6 5. g4 Bg6 6. Nge2 h6 7. Nf4 Bh7 8. h4 Nd7 9. Bd3 Bxd3 10. Qxd3 Bb4 11. Rh3 Ne7 12. Nh5 g6 13. Ng3 c5 14. f4 cxd4 15. Qxd4 Nc6 16. Qd1 Qb6 17. Bd2 Qg1+ 18. Nf1 Bxc3 19. Rxc3 h5 20. Be3 Qxg4 21. Qxg4 hxg4 22. Bf2 d4 23. Ra3 Nb6 24. 0-0-0 0-0-0 25. Nd2 Nd5 26. Ne4 Nxf4 27. Nd6+ Rxd6 28. exd6 Kd7 29. Kd2 e5 30. Bg3 Nh5 31. Ke2 e4 32. Kf2 f5 33. Kg2 f4 34. Bxf4 Nxf4+ 35. Kg3 Nd5 36. Rf1 Kxd6 37. Rf7 e3 38. Rxb7 Rf8 0-1

[Event "Latschach op 27th"]
[Site "Latschach"]
[Date "2011.08.18"]
[Round "7"]
[White "Kainz, Josef"]
[Black "Fiorido, Giuseppe"]
[Result "0-1"]
[WhiteElo "1988"]
[BlackElo "2124"]
[PlyCount "82"]
[EventDate "2011.08.13"]
[EventType "swiss"]
[EventRounds "9"]
[EventCountry "AUT"]
[SourceTitle "CBM 143 Extra"]
[Source "ChessBase"]
[SourceDate "2011.08.29"]
[SourceVersion "1"]
[SourceVersionDate "2011.08.29"]
[SourceQuality "1"]

1. d4 Nf6 2. Nf3 e6 3. e3 d5 4. Bd3 Nbd7 5. Nbd2 Be7 6. 0-0 0-0 7. c3 b6 8. Ne5 Nxe5 9. dxe5 Nd7 10. f4 Bb7 11. Qh5 g6 12. Qg4 Nc5 13. Be2 f6 14. b4 f5 15. Qg3 Ne4 16. Nxe4 dxe4 17. Rd1 Qe8 18. a4 Rd8 19. Bd2 Bd5 20. c4 Bc6 21. b5 Bb7 22. a5 bxa5 23. Bxa5 Rxd1+ 24. Rxd1 Qc8 25. h4 Rd8 26. Ra1 Rd7 27. h5 Bc5 28. Kf2 Qe8 29. Rh1 Rg7 30. Qh3 g5 31. h6 g4 32. Qg3 Rd7 33. Bc3 Qg6 34. Bd4 Bf8 35. Ra1 Be7 36. Bxa7 Qxh6 37. Rh1 Qxh1 38. Bxg4 Bh4 39. Bxf5+ Bxg3+ 40. Kxg3 exf5 41. c5 Qe1+ 0-1

[Event "Mogliano Veneto op 32nd"]
[Site "Mogliano Veneto"]
[Date "2011.05.01"]
[Round "5"]
[White "Giuriato, Sergio"]
[Black "Fiorido, Giuseppe"]
[Result "0-1"]
[WhiteElo "1945"]
[BlackElo "2139"]
[PlyCount "82"]
[EventDate "2011.04.29"]
[EventType "swiss"]
[EventRounds "5"]
[EventCountry "ITA"]
[SourceTitle "EXT 2023"]
[Source "ChessBase"]
[SourceDate "2022.10.05"]
[SourceVersion "1"]
[SourceVersionDate "2022.10.05"]
[SourceQuality "1"]

1. d4 Nf6 2. c4 e5 3. dxe5 Ng4 4. Bf4 Nc6 5. Nf3 Bb4+ 6. Nc3 Qe7 7. Qd5 Bxc3+ 8. bxc3 f6 9. exf6 Nxf6 10. Qd3 d6 11. g3 0-0 12. Bg2 Ne4 13. 0-0 Nc5 14. Qd2 Kh8 15. Qe3 Qf7 16. Ng5 Qg6 17. h4 Bg4 18. Bxc6 bxc6 19. Qe7 Bd7 20. Bxd6 cxd6 21. h5 Qxh5 22. f4 Qg6 23. Rad1 Rf6 24. Rxd6 Rxd6 25. Qxd6 Qxd6 26. Nf7+ Kg8 27. Nxd6 Kf8 28. e4 Rb8 29. Rf2 Rb1+ 30. Kg2 Nb7 31. e5 Nxd6 32. exd6 Re1 33. Rb2 c5 34. Kf2 Rd1 35. Rb7 Rxd6 36. Rxa7 Ke7 37. a4 Rd3 38. Ra5 Rxc3 39. Rxc5 Bxa4 40. Rc7+ Bd7 41. c5 Kd8 0-1

[Event "Latschach op 25th"]
[Site "Latschach"]
[Date "2009.08.12"]
[Round "6"]
[White "Fiorido, Giuseppe"]
[Black "Schwarhofer, Christopher"]
[Result "1/2-1/2"]
[WhiteElo "2116"]
[BlackElo "2239"]
[PlyCount "97"]
[EventDate "2009.08.08"]
[EventType "swiss"]
[EventRounds "9"]
[EventCountry "AUT"]
[SourceTitle "CBM 131 Extra"]
[Source "ChessBase"]
[SourceDate "2009.09.03"]
[SourceVersion "2"]
[SourceVersionDate "2009.09.16"]
[SourceQuality "1"]

1. e4 c5 2. Nf3 d6 3. Bb5+ Bd7 4. Bxd7+ Qxd7 5. 0-0 Nc6 6. d3 g6 7. Nc3 Bg7 8. Bf4 Nd4 9. Re1 e5 10. Be3 Ne7 11. Nd2 0-0 12. f3 b5 13. Ne2 f5 14. c3 Ne6 15. a4 a6 16. axb5 axb5 17. b4 cxb4 18. cxb4 d5 19. Bc5 Rxa1 20. Qxa1 dxe4 21. Bxe7 Qxe7 22. dxe4 Qxb4 23. Qa2 Kh8 24. Rb1 Qc5+ 25. Kh1 Qf2 26. Qxe6 Qxe2 27. Qd6 h6 28. h3 Kh7 29. Rc1 fxe4 30. Rc7 exf3 31. Nxf3 Rxf3 32. gxf3 Qxf3+ 33. Kh2 Qf2+ 34. Kh1 e4 35. Qe5 Qf1+ 36. Kh2 Qf8 37. Rb7 b4 38. Qxe4 Qd6+ 39. Kg2 Qd2+ 40. Kh1 Qd1+ 41. Kg2 Qd2+ 42. Kg1 Qc1+ 43. Kg2 Qb2+ 44. Kf1 Qa1+ 45. Kg2 Qb2+ 46. Kf1 Qf6+ 47. Ke2 Qa6+ 48. Kf2 b3 49. Rxg7+ 1/2-1/2

[Event "Latschach op 25th"]
[Site "Latschach"]
[Date "2009.08.11"]
[Round "5"]
[White "Wawricka, Alfred"]
[Black "Fiorido, Giuseppe"]
[Result "0-1"]
[WhiteElo "2018"]
[BlackElo "2116"]
[PlyCount "28"]
[EventDate "2009.08.08"]
[EventType "swiss"]
[EventRounds "9"]
[EventCountry "AUT"]
[SourceTitle "CBM 131 Extra"]
[Source "ChessBase"]
[SourceDate "2009.09.03"]
[SourceVersion "2"]
[SourceVersionDate "2009.09.16"]
[SourceQuality "1"]

1. e4 c6 2. d4 d5 3. e5 Bf5 4. Nc3 e6 5. g4 Bg6 6. h4 h5 7. g5 c5 8. Be3 cxd4 9. Bxd4 Nc6 10. a3 Nge7 11. Bb5 a6 12. Ba4 b5 13. Nxb5 axb5 14. Bxb5 Qa5+ 0-1

[Event "Latschach op 25th"]
[Site "Latschach"]
[Date "2009.08.10"]
[Round "4"]
[White "Fiorido, Giuseppe"]
[Black "Scheffknecht, Philipp"]
[Result "0-1"]
[WhiteElo "2116"]
[BlackElo "2163"]
[PlyCount "82"]
[EventDate "2009.08.08"]
[EventType "swiss"]
[EventRounds "9"]
[EventCountry "AUT"]
[SourceTitle "CBM 131 Extra"]
[Source "ChessBase"]
[SourceDate "2009.09.03"]
[SourceVersion "2"]
[SourceVersionDate "2009.09.16"]
[SourceQuality "1"]

1. e4 c5 2. Nf3 e6 3. d3 d6 4. Be2 Nd7 5. 0-0 Ngf6 6. Nc3 a6 7. h3 Be7 8. Bf4 0-0 9. Bh2 b5 10. e5 dxe5 11. Nxe5 Nxe5 12. Bxe5 Bb7 13. Bf3 Qb6 14. Ne4 Nd7 15. Bf4 Rae8 16. Re1 f5 17. Ng5 e5 18. Bxb7 Qxb7 19. Bd2 Bf6 20. Qh5 h6 21. Nf3 e4 22. Bc3 Bxc3 23. bxc3 Nf6 24. Qxf5 exf3 25. Qxc5 fxg2 26. a4 Qf3 27. Re3 Rxe3 28. Qxe3 Qxe3 29. fxe3 Nd5 30. Kxg2 Nxe3+ 31. Kg3 Nxc2 32. Ra2 Ne1 33. axb5 axb5 34. c4 bxc4 35. dxc4 Rc8 36. Re2 Nd3 37. Rc2 Ne5 38. c5 Nd7 39. c6 Nb8 40. c7 Na6 41. Ra2 Nc5 0-1

[Event "ITA-chT2"]
[Site "Arvier"]
[Date "2008.05.03"]
[Round "3"]
[White "Fiorido, Giuseppe"]
[Black "Gallucci, Alessio"]
[Result "0-1"]
[WhiteElo "2116"]
[BlackElo "2175"]
[PlyCount "70"]
[EventDate "2008.05.02"]
[EventType "team"]
[EventRounds "5"]
[EventCountry "ITA"]
[SourceTitle "CBM 124 Extra"]
[Source "ChessBase"]
[SourceDate "2008.07.03"]
[SourceVersion "1"]
[SourceVersionDate "2008.07.03"]
[SourceQuality "1"]

1. e4 c5 2. Nf3 d6 3. Bb5+ Bd7 4. Bxd7+ Qxd7 5. 0-0 g6 6. Nc3 Bg7 7. d3 Nc6 8. Be3 e6 9. Qd2 Nd4 10. Bxd4 cxd4 11. Ne2 e5 12. Rae1 Ne7 13. Ng3 0-0 14. Nh4 Qg4 15. Nf3 Qe6 16. Nh4 Qxa2 17. f4 exf4 18. Qxf4 Qe6 19. Qg5 Rac8 20. Re2 Rc5 21. Qc1 Nc6 22. Ref2 Ne5 23. Qd1 Ng4 24. Re2 Ne3 25. Rxe3 dxe3 26. c3 Rb5 27. Qe2 Qa2 28. Qxe3 Rxb2 29. d4 Rb1 30. Nf3 a5 31. h4 Rxf1+ 32. Kxf1 Qc4+ 33. Kg1 Rc8 34. h5 Qxc3 35. Qg5 Qc1+ 0-1